|
|
|
|
| LEADER |
01218nam a2200289 a 4500 |
| 001 |
197091 |
| 008 |
090513s1998 xxua b i000 0 eng d |
| 010 |
|
|
|a \\\98948482
|
| 020 |
|
|
|a 9712201073
|
| 020 |
|
|
|z 971221074
|
| 040 |
|
|
|a DLC
|c DLC
|d DLC
|
| 082 |
0 |
0 |
|a 633.1/8/095
|2 21
|
| 245 |
0 |
0 |
|a Sustainability of rice in the global food system /
|c edited by N.G. Dowling, S.M. Greenfield, K.S. Fischer.
|
| 260 |
|
|
|a Davis, Calif. :
|b Pacific Basin Study Center ;
|a Los Banos, Philippines :
|b International Rice Research Institute,
|c 1998.
|
| 300 |
|
|
|a v, 404 p. :
|b ill. ;
|c 23 cm.
|
| 504 |
|
|
|a Includes bibliographical references.
|
| 541 |
1 |
|
|e 00007282
|
| 650 |
|
0 |
|a Rice.
|
| 650 |
|
0 |
|a Rice
|z Asia.
|
| 700 |
1 |
|
|a Dowling, Noreen G.
|
| 700 |
1 |
|
|a Greenfield, S. M.
|q (Stanley Marshall),
|d 1927-
|
| 700 |
1 |
|
|a Fischer, K. S.
|
| 710 |
2 |
|
|a University of California, Davis.
|b Pacific Basin Study Center.
|
| 710 |
2 |
|
|a International Rice Research Institute.
|
| 852 |
4 |
|
|a Ayesha Abed Library
|j Generalshelf
|
| 999 |
|
|
|c 671
|d 671
|
| 952 |
|
|
|0 0
|1 0
|2 ddc
|4 0
|6 633_180950000000000_SUS_1998
|7 0
|9 618
|a BRACUL
|b BRACUL
|c GEN
|d 2009-05-13
|g 0.00
|l 0
|o 633.18095 SUS
|p 3010007282
|r 2009-05-13
|t 1
|w 2009-05-13
|y BK
|x No price found in the accession register.
|